000 01622nam0a2200361 4500
001 RU\NLR\bibl\12864
005 20250615012123.0
010 _a5-89094-063-5
_91000
035 _a(NLR Aleph) 000012542
090 _a47043
_c47043
100 _a19990205d1998 |||y0rusy50 ca
101 0 _arus
102 _aRU
105 _a|||||||||||||
200 1 _aНезаконный оборот оружия
_fЛ.Ф. Рогатых
_gС.-Петерб. юрид. ин-т Генер. прокуратуры Рос. Федерации
210 _aСПб.
_cС.-Петерб. юрид. ин-т
_d1998
215 _a39 с.
_d20
225 1 _aСовременные стандарты в уголовном праве и уголовном процессе
300 _aВ вып. дан авт.: Л.Ф. Рогатых, преп., советник юстиции
320 _aБиблиогр. в подстроч. прим.
606 0 _aОружие
_xНезаконный оборот
_xУголовная ответственность
_yРоссийская Федерация
_92083550
_3RU\NLR\auth\661259614
606 0 _aОружие
_xМеждународная торговля
_xМеждународный контроль
_91566287
_3RU\NLR\auth\66685760
686 _aХ628.112.024
686 _aХ932.211.12
700 1 _aРогатых
_bЛ. Ф.
_gЛюбовь Федоровна
_4070
801 0 _aRU
_bNLR
_c19990205
_gPSBO
801 1 _aRU
_bNLR
_c19990205
830 _aАвт. по кн.
852 _aNLR
_j98-4/13830
942 _cBOOK
980 _aNB